LEADER 01559nam0-2200457---450- 001 990009829640403321 005 20140306122650.0 035 $a000982964 035 $aFED01000982964 035 $a(Aleph)000982964FED01 035 $a000982964 100 $a20140228g19331942km-y0itay50------ba 101 0 $aita 102 $aIT 105 $ab-------001yy 200 1 $aAtlante linguistico etnografico italiano della Corsica$epromosso dalla R. Università di Cagliari$fGino Bottiglioni$gdisegni di Guido Colucci 210 $aPisa$c[s.n.]$d1933-1942 215 $a10 v.$d59 cm 300 $aDal v. 7. Disegni di Guido Colucci e Francesco Giammari. 421 0$1001000983312 610 0 $aAtlanti linguistici 676 $a457.003 700 1$aBottiglioni,$bGino$f<1887-1963>$0164761 701 1$aColucci,$bGuido$0298901 712 01$aRegia Università degli Studi, Cagliari 801 0$aIT$bUNINA$gRICA$2UNIMARC 901 $aBK 912 $a990009829640403321 952 $a457.003 BOT 1 (1)$bs.i.$fFLFBC 952 $a457.003 BOT 1 (2)$bs.i.$fFLFBC 952 $a457.003 BOT 1 (3)$bs.i.$fFLFBC 952 $a457.003 BOT 1 (4)$bs.i.$fFLFBC 952 $a457.003 BOT 1 (5)$bs.i.$fFLFBC 952 $a457.003 BOT 1 (6)$bs.i.$fFLFBC 952 $a457.003 BOT 1 (7)$bs.i.$fFLFBC 952 $a457.003 BOT 1 (8)$bs.i.$fFLFBC 952 $a457.003 BOT 1 (9)$bs.i.$fFLFBC 952 $a457.003 BOT 1 (10)$bs.i.$fFLFBC 959 $aFLFBC 996 $aAtlante linguistico etnografico italiano della Corsica$9835849 997 $aUNINA LEADER 01200cam0-2200349---450- 001 990005639950403321 005 20101006125011.0 035 $a000563995 035 $aFED01000563995 035 $a(Aleph)000563995FED01 035 $a000563995 100 $a19990604d1969----km-y0itay50------ba 101 0 $afre 102 $aGB$aDE 105 $aaf------001yy 200 1 $a<>découverte de la Domus Aurea et la formation des grotesque a la Renaissance$fNicole Dacos 210 $aLondon$cThe Warburg Institute University of London$aLeiden$cE. J. Brill$d1969 215 $aXX, 203 p., [112] p. di tav.$cill.$d30 cm 225 1 $aStudies of the Warburg Institute$v31 610 0 $aScavi archeologici$aRoma$aDomus aurea$aSec. 15.-16. 610 0 $aRoma$aDomus aurea$aAffreschi 610 0 $a751.73 676 $a728.8209376 700 1$aDacos,$bNicole$0155068 801 0$aIT$bUNINA$gRICA$2UNIMARC 901 $aBK 912 $a990005639950403321 952 $a751.73 DAC 1$bST. ARTE 10300$fFLFBC 952 $a751.73 DAC 1 BIS$bARCH. 15972$fFLFBC 959 $aFLFBC 996 $aDécouverte de la Domus Aurea et la formation des grotesque a la Renaissance$9605010 997 $aUNINA